| 000 | 00427 a2200181 4500 | ||
|---|---|---|---|
| 001 | 107999 | ||
| 020 | _a9788580577198 | ||
| 041 | _apor | ||
| 090 | _aYear 9 813 | ||
| 250 | _a1.ed. | ||
| 697 | _aFicção americana. | ||
| 856 | _u00002a/00002a1a.jpg | ||
| 040 |
_aBR-BrIDEA _cBR-BrIDEA |
||
| 100 |
_aGreen, John _d1977 |
||
| 245 | 1 | 0 |
_aCidade de papel _c Joh Green |
| 260 |
_aSão Paulo _bIntrínseca _c2015 |
||
| 942 | _cBK | ||
| 999 |
_c107999 _d107999 |
||